La réponse commence par D - Statistiques

Statistiques générales
  • Ce quiz a été pris 1 664 fois
  • Le résultat moyen est 14 sur 20
Statistiques - réponses
Indices Réponses % Correct
Dissolution d'un mariage Divorce
99%
Se dit d'une voiture dont le toit peut se retirer Décapotable
98%
Jour du Seigneur Dimanche
98%
Sa capitale est Copenhague Danemark
96%
Célèbre canard portant une tenue de marin Donald Duck
95%
Animal ailé fantastique pouvant cracher du feu Dragon
94%
Unité de mesure du niveau sonore Décibel
91%
Période de 10 ans Décennie
89%
Jeux de société composé de pièces rectangulaires marqués de 0 à 6 points de chaque côté Domino
81%
Costume porté pour un carnaval Déguisement
79%
Titre ecclésiastique, ou se dit de la personne la plus vieille d'un groupe Doyen
74%
Unité monétaire du Maroc Dirham
70%
Dieu grec du vin et des vignes Dionysos
67%
Métier des deux personnages principaux du film Rien à déclarer Douanier
59%
Résultat d'une soustraction Différence
46%
Anti-héros de Marvel qui brise continuellement le quatrième mur Deadpool
43%
Instrument en acier en forme de U dont on se sert pour prendre le ton Diapason
41%
Personnage créé par Bram Stoker en 1897 Dracula
30%
Récompense sarcastique décernée à des personnes décédées suite à un comportement stupide de leur part Darwin Awards
19%
Titre québecois du film Saw Décadence
6%
Aucun quiz correspondant
Distribution des résultats
% des personnes avec chaque résultat
Percentile par nombre de réponses
Votre historique - résultats
Vous n’avez pas pris ce quiz